Регионална библиотека "Любен Каравелов" - Русе

Опыт словаря псевдонимов русских писателей (Запис номер 427640)

MARC детайли
000 -Лидер
Контролно поле с фиксирана дължина nam a22 a 4500
003 - Код на организацията, давaща контролен номер
Контролно поле BLK
005 - Дата и час на последна редакция
Контролно поле 20221208031116.0
008 - Елементи от данни с фиксирана дължина
fixed length control field 180408b bul|||||r ||||||| ||bul||
040 ## - Източник на каталожния запис
Идентификатор на билиотеката - собственик на записа BLK
041 ## - Код за език
Код за езика на текст/звукозапис или на отделно заглавие Руски
Код за езика КДБФ Руски
080 ## - УДК
Текстов определител УДК Руски език
УДК код - определител по УДК 811.161.1
УДК определител (038.1)
УДК - код + определител 811.161.1(038.1)
100 ## - Редна дума - Автор
Автор Карцов, Василий Сергеевич
Авторска отговорност първи автор
R(LIN) 1299
139 ## - Редно поле
Редна дума Карцов, Василий Сергеевич и др.
245 ## - Сведения за заглавието
Заглавие Опыт словаря псевдонимов русских писателей
Редно поле (дума) В. С. Карцов и М. Н. Мазаев
257 ## - Страна на издаване
Страна на създаване/издаване Русия
260 ## - Област на издателските данни
Име на издателя, разпространителя и проч. типо-лит. И. А. Ефрона
Година на издаване 1891
9 (RLIN) 461975
Място на издаване, разпространение и проч. С.-Петербург
300 ## - Физическа характеристика
Страници [6], 158 с.
Размери/Мащаб 21 см
380 ## - Жанр
Жанр Езикознание. Филология
490 ## - СЕРИИ (Колекции)
9 (RLIN) 435080
Име на серия Колекция Редки и ценни издания
650 #0 - Допълнително описание по предмет – тема
Основно описание – тема или топоним Псевдоними, руски-речници
9 (RLIN) 438161
653 #7 - Ключова дума – ненормативна
Ключова дума псевдоними
9 (RLIN) 194845
653 #7 - Ключова дума – ненормативна
Ключова дума речници
9 (RLIN) 195539
700 ## - Други автори (авторска отговорност)
Лично име Мазаев, Михаил Николаевич
Автороска отговорност (Описва отношението между автора и произведението) съавт.
9 (RLIN) 1445
852 ## - Местоположение
Форматна сигнатура Рр 891
Фондова буква Редки и ценни
856 4# - Електронен адрес и достъп
Електронен формат pdf - файл
856 4# - Електронен адрес и достъп
Електронен формат pdf - файл
999 ## - СИСТЕМНИ КОНТРОЛНИ НОМЕРА
Koha biblionumber 427640
Koha biblioitemnumber 427640
942 ## - АРТИКУЛИ
Вид на библиотечния материал Книги
Скрит в OPAC Не
Периодичен библиозапис Да
944 ## - СЪЗДАВАНЕ И РЕДАКЦИЯ на ЗАПИСА
Създаване/Редакция Създаване
Дата на регистрацията/редакция 2021-08-10
Служител, извършил регистрацията/редакцията ВК
Наличности
Код за отписване Код за изгубен артикул Източник на класификационната схема Код за повреда Коз за рестрикции Код за отдаване Артикулен № Име на библиотеката - собственик Име на библиотеката, в която се намира в момента Статус (Текущо местоположение) Дата на вписване в системата Местоположение - отдел Цена в лева Инвентарен номер Систематично азбучна сигнатура Баркод Цена в евро Служебен тип на артикула
  Не е изгубен Universal Decimal Classification Не е повреден само за читалня Специални фондове ( старопечатни, редки и ценни, фонд М. Арнаудов) 855819 Регионална библиотека "Любен Каравелов" Русе Регионална библиотека "Любен Каравелов" Русе Редки и ценни 2021-09-27 Редки и ценни 0.13 11271 Рр 891 900000073601 0.07 Книги
Vip Innovations Ltd, Rousse, Bulgaria 2025